000 00873nam a2200133Ia 4500
008 220616s9999||||xx |||||||||||||| ||und||
100 _aHoelzle, Martin||Barandun, Martina||Bolch, Tobias||Fiddes, Joel||Gafurov, Abror||Muccione, Veruska||Saks, Tomas||Shahgedanova, Maria
245 0 _aChapter 8 The Status and Role of the alpine Cryosphere in Central Asia
546 _aEnglish[eng]
650 _aAlpine Crosphere||River Basin||Amu Darya||Syr Darya||Central Asia||Water Resource Management||Hydrology||Environmental Policy||Sustainable Development
700 _aSmakhtin, Vladimir
856 _uhttps://library.oapen.org/bitstream/20.500.12657/24348/1/9781138348882_oachapter08.pdf||https://library.oapen.org/bitstream/20.500.12657/24348/1/9781138348882_oachapter08.pdf||https://library.oapen.org/bitstream/20.500.12657/24348/1/9781138348882_oachapter08.pdf
942 _cEB
999 _c19839
_d19839